Popular Songs of 2012 - Statistics

General Stats
  • This quiz has been taken 821 times
  • The average score is 11 of 15
Answer Stats
Hint Answer % Correct
Rolling in the Deep ADELE
93%
What Makes You Beautiful One Direction
89%
Payphone Maroon 5
88%
Gangnam Style PSY
87%
We Found Love Rihanna
82%
Sexy and I Know it LMFAO
78%
Whistle Flo-Rida
77%
Somebody That I Used to Know Gotye
77%
Boyfriend Justin Bieber
74%
We are Young f.u.n
73%
Paradise Coldplay
71%
The One That Got Away Katy Perry
67%
Glad You Came The Wanted
58%
Drive By Train
52%
Call Me Maybe Carly Rae Jepson
50%
No matching quizzes found
Score Distribution
Percent of People with Each Score
Percentile by Number Answered
Your Score History
You have not taken this quiz